Catálogo público

Insectos plaga : (Record no. 207996)

MARC details
000 -CABECERA
campo de control de longitud fija 00928nam a2200301Ia 4500
001 - NÚMERO DE CONTROL
campo de control Para_9257
003 - IDENTIFICADOR DEL NÚMERO DE CONTROL
campo de control CHAP
008 - DATOS DE LONGITUD FIJA--INFORMACIÓN GENERAL
campo de control de longitud fija 220125s2006 xx 000 0 und d
010 ## - NÚMERO DE CONTROL DE LA BIBLIOTECA DEL CONGRESO
Número de control de LC 207996
040 ## - FUENTE DE LA CATALOGACIÓN
Centro/agencia transcriptor CHAP
082 ## - NÚMERO DE LA CLASIFICACIÓN DECIMAL DEWEY
Número de clasificación 632.7 B38
100 ## - ENTRADA PRINCIPAL--NOMBRE DE PERSONA
Nombre de persona Bautista Martínez, Nestor
9 (RLIN) 10930
245 ## - MENCIÓN DE TÍTULO
Título Insectos plaga :
Resto del título una guía ilustrada para su identificación /
Mención de responsabilidad, etc. por Nestor Bautista Martínez
260 ## - PUBLICACIÓN, DISTRIBUCIÓN, ETC.
Lugar de publicación, distribución, etc. Montecillos, Méx. :
Nombre del editor, distribuidor, etc. Colegio de Postgraduados
300 ## - DESCRIPCIÓN FÍSICA
Extensión 113 p.
503 ## - NOTA DE HISTORIA BIBLIOGRÁFICA (BK CF MU) [OBSOLETO]
Nota de historia bibliográfica C/e (ej.1) \ C/e (ej.2) \ C/e (ej.3)
650 ## - PUNTO DE ACCESO ADICIONAL DE MATERIA--TÉRMINO DE MATERIA
Término de materia o nombre geográfico como elemento de entrada Agricultura
Subdivisión general plagas
9 (RLIN) 1764
650 ## - PUNTO DE ACCESO ADICIONAL DE MATERIA--TÉRMINO DE MATERIA
Término de materia o nombre geográfico como elemento de entrada Insectos
Subdivisión general anatomía y fisiología
9 (RLIN) 58891
650 ## - PUNTO DE ACCESO ADICIONAL DE MATERIA--TÉRMINO DE MATERIA
Término de materia o nombre geográfico como elemento de entrada Insectos
Subdivisión general identificación
9 (RLIN) 58929
710 ## - PUNTO DE ACCESO ADICIONAL--NOMBRE DE ENTIDAD CORPORATIVA
Nombre de entidad corporativa o nombre de jurisdicción como elemento de entrada Colegio de Postgraduados
9 (RLIN) 25064
901 ## - ELEMENTOS DE DATOS A LOCAL LDA (RLIN)
a 632.7 B38
902 ## - ELEMENTOS DE DATOS B LOCAL, LDB (RLIN)
a M
905 ## - ELEMENTOS DE DATOS E LOCAL, LDE (RLIN)
a 0000002006 a 0000000000 00
910 ## - DATOS DE OPCIÓN DEL USUARIO (OCLC)
Datos de opción del usuario 2006
942 ## - ELEMENTOS DE PUNTO DE ACCESO ADICIONAL (KOHA)
Tipo de ítem Koha Parasitologia_
942 ## - ELEMENTOS DE PUNTO DE ACCESO ADICIONAL (KOHA)
Tipo de ítem Koha Parasitologia_
-- 1
Holdings
Estado de retiro Estado de pérdida Fuente del sistema de clasificación o colocación Estado dañado Restricciones de uso No para préstamo Código de colección Localización permanente Ubicación/localización actual Fecha de adquisición Número de inventario Total de préstamos Signatura topográfica completa Código de barras Fecha visto por última vez Número de copia Precio válido a partir de Tipo de ítem Koha Nota pública Renovaciones totales Fecha del último préstamo
    Dewey Decimal Classification   Préstamo 3 días   General Parasitologia Agricola Parasitologia Agricola 02/02/2011 (PA_09560) (No. UACh C/E)   632.7 B38 4102002320 25/01/2022 Ej.6 25/01/2022 Libro 3    
    Dewey Decimal Classification   Préstamo interno   General Parasitologia Agricola Parasitologia Agricola 25/01/2007 (PA_09063) (No. UACh C/E)   632.7 B38 4102002315 25/01/2022 Ej.1 25/01/2022 Libro 2    
    Dewey Decimal Classification   Préstamo 3 días   General Parasitologia Agricola Parasitologia Agricola 22/08/2007 (PA_09123) (No. UACh C/E)   632.7 B38 4102002316 25/01/2022 Ej.2 25/01/2022 Libro 3    
    Dewey Decimal Classification   Préstamo 3 días   General Parasitologia Agricola Parasitologia Agricola 22/08/2007 (PA_09124) (No. UACh C/E) 1 632.7 B38 4102002317 27/10/2025 Ej.3 25/01/2022 Libro 3 1 22/10/2025
    Dewey Decimal Classification   Préstamo 3 días   General Parasitologia Agricola Parasitologia Agricola 03/10/2008 (PA_09341) (No. UACh C/E) 1 632.7 B38 4102002318 07/11/2024 Ej.4 25/01/2022 Libro 3 1 30/10/2024
    Dewey Decimal Classification   Préstamo 3 días   General Parasitologia Agricola Parasitologia Agricola 02/04/2009 (PA_09454) (No. UACh C/E) 2 632.7 B38 4102002319 18/11/2024 Ej.5 25/01/2022 Libro 3   12/11/2024